Regional development problems and policy responses in Five Asian and Pasific Countries / (Kayıt no. 10229)

MARC ayrıntıları
000 -BAŞLIK
Sabit Uzunluktaki Kontrol Alanı 01308nam a22002297a 4500
003 - KONTROL NUMARASI KİMLİĞİ
Kontrol Alanı KOHA_MİRAKIL
005 - EN SON İŞLEM TARİHİ ve ZAMANI
Kontrol Alanı 20260414090557.0
008 - SABİT UZUNLUKTAKİ VERİ ÖGELERİ - GENEL BİLGİ
Sabit Alan 260414b tu ||||| |||| 00| 0 tur d
040 ## - KATALOGLAMA KAYNAĞI
Özgün Kataloglama Kurumu TR-AnABB
Kataloglama Dili tur
Çeviri Kurumu TR-AnABB
041 ## - DİL KODU
Metin ya da ses kaydının dil kodu eng
082 ## - DEWEY ONU SINIFLAMA SİSTEMİ
Sınıflama Numarası 338.95
Cutter numarası REG
245 00 - ESER ADI BİLDİRİMİ
Başlık Regional development problems and policy responses in Five Asian and Pasific Countries /
Sorumluluk Bildirimi Ed. B. Prantilla
260 ## - YAYIN, DAĞITIM, VB.
Yayın Yeri Nagoya :
Yayınevi United Nations Centre for Regional Development,
Yayın Tarihi 1990?
300 ## - FİZİKSEL TANIMLAMA
Sayfa, Cilt vb. 340 sayfa ;
Boyutları 24 cm
504 ## - BİBLİYOGRAFİ NOTU
Bibliyografi Notu Kaynakça 331-339 sayfaları arasındadır.
505 ## - İÇİNDEKİLER NOTU
İçindekiler Notu İçindekiler: Regional development problems and policy responses in Five Asian and Pacific Countries - Regional development policiy response in Rapidly Growing Economy: The Case of the Republic of Korea - Regional development policy response on Intercommunal and Interregional Inequality: The Case of Malaysia - Impact of National and Regional Development Policies at The Sub- National Level: The Case of the Philippines - Regional development problems and policy response: The Case of Thailand - Regional planning and policy in Fiji
650 04 - KONU BAŞLIĞI EK GİRİŞ - KONU TERİMİ
Konusal terim veya coğrafi ad Bölgesel kalkınma
650 04 - KONU BAŞLIĞI EK GİRİŞ - KONU TERİMİ
Konusal terim veya coğrafi ad Ekonomik politika
650 04 - KONU BAŞLIĞI EK GİRİŞ - KONU TERİMİ
Konusal terim veya coğrafi ad Bölgesel kalkınma, Asya
700 1# - EK GİRİŞ - KİŞİ ADI
Yazar Adı (Kişi adı) Prantilla, Ed. B.,
İlişkili Terim editör
9 (RLIN) 3414
942 ## - EK GİRİŞ ÖGELERİ (KOHA)
Sınıflama Kaynağı Dewey Decimal Classification
Materyal Türü Kitap
900 ## - YEREL BİLGİ
Kontrol Can ÇELIK
Mevcut
Geri Çekilme Durumu Kayıp Durumu Sınıflandırma Kaynağı Kredi için değil Kalıcı Konum Mevcut Konum Kayıt Tarih Toplam Ödünçverme Yer Numarası Demirbaş Numarası Son Görülme Tarihi Fatura Tarihi Materyal Türü
    Dewey Decimal Classification   Prof. Dr. Ruşen Keleş Kütüphanesi Prof. Dr. Ruşen Keleş Kütüphanesi 14/04/2026   338.95 REG RK7069 14/04/2026 14/04/2026 Kitap